Real Madrid/Barcelona Current Combined XI - Statistics

General Stats
  • This quiz has been taken 939 times
  • The average score is 10 of 11
Answer Stats
Position Answer % Correct
RAM Lionel Messi
96%
ST Cristiano Ronaldo
95%
CB Sergio Ramos
93%
CM Luka Modric
91%
ST Luis Suarez
90%
CB Gerard Pique
88%
LB Marcelo
88%
CM Toni Kroos
87%
RB Dani Carvajal
86%
GK Keylor Navas
85%
LAM Gareth Bale
77%
No matching quizzes found
Score Distribution
Percent of People with Each Score
Percentile by Number Answered
Your Score History
You have not taken this quiz